Historia Powszechna - Statystyki

Ogólne statystyki
  • Ten quiz został rozwiązany 937 razy
  • Średni wynik to 21 z 38
Statystyki odpowiedzi
Wydarzenie Odpowiedź % Poprawnych
Wybuch I wojny światowej 1914
87%
Początek II wojny światowej 1939
87%
Zamach na World Trade Center 2001
87%
Zrzucenie bomby atomowej na Hiroszimę 1945
85%
Bitwa o Anglię 1940
84%
Odkrycie Ameryki 1492
81%
Śmierć Józefa Stalina 1953
81%
Upadek ZSRR 1991
81%
Rewolucja październikowa 1917
75%
Upadek Cesarstwa Zachodniorzymskiego 476
69%
Bitwa pod Waterloo 1815
65%
,Noc Długich Noży" 1934
65%
Rewolucja Francuska 1789
64%
Wiosna Ludów 1848
64%
Upadek Konstantynopola 1453
63%
Deklaracja niepodległości Stanów Zjednoczonych 1776
58%
Początek wojny secesyjnej 1861
57%
Zjednoczenie Niemiec 1871
54%
Początek reformacji 1517
53%
Pierwsza konstytucja na świecie 1787
53%
Założenie Rzymu (tradycyjna data) 753 p.n.e.
53%
Zamordowanie Juliusza Cezara (Idy Marcowe) 44 p.n.e.
52%
Koronacja Karola Wielkiego 800
49%
Wynalezienie druku przez Jana Gutenberga 1450
47%
Ucieczka Mahometa z Mekki do Medyny 622
45%
Schizma Wschodnia 1054
43%
"Herbatka bostońska" 1773
42%
Bitwa pod Maratonem 490 p.n.e.
42%
Traktat w Verdun 843
41%
Początek wojny trzydziestoletniej 1618
37%
Pierwsza Olimpiada 776 p.n.e.
37%
Bitwa pod Hastings 1066
33%
Bitwa pod Poitiers 732
32%
Rzeź hugenotów ("Noc św. Bartłomieja) 1572
30%
Początek Soboru Trydenckiego 1545
29%
Początek III wojny północnej 1700
29%
Bitwa pod Akcjum 31 p.n.e.
29%
Wynalezienie pisma 3500 p.n.e.
25%
Nie znaleziono quizów pasujących do podanych kryteriów
Rozkład punktacji
Procent ludzi z każdym wynikiem
Percentyl według liczby udzielonych odpowiedzi
Twoja historia wyników
Nie rozwiązałeś tego quizu